[Event "40th Olympiad Open"]
[Site "Istanbul TUR"]
[Date "2012.09.09"]
[Round "11.42"]
[White "Rodgaard,J"]
[Black "Myo Naing"]
[Result "1/2-1/2"]
[WhiteElo "2354"]
[BlackElo "2312"]

1.c4 c6 2.d4 d5 3.Nf3 Nf6 4.e3 Bf5 5.Nc3 e6 6.Nh4 Bg6 7.Qb3 Qb6 8.Nxg6 hxg6
9.g3 Nbd7 10.Bg2 Qxb3 11.axb3 a6 12.Ke2 Be7 13.h3 O-O 14.g4 Rad8 15.g5 Ne8
16.e4 dxe4 17.Nxe4 Nd6 18.Nxd6 Bxd6 19.Be3 e5 20.Rad1 Rfe8 21.dxe5 Bxe5 22.Rd2 Nf8
23.Rhd1 Ne6 24.b4 Rxd2+ 25.Rxd2 Rd8 26.Rxd8+ Nxd8 27.b3 Ne6 28.b5 axb5 29.cxb5 cxb5
30.Bxb7 Nd4+ 31.Bxd4  1/2-1/2

[Event "9th LGA Premium Cup"]
[Site "Nuernberg GER"]
[Date "2012.09.09"]
[Round "6.72"]
[White "Rausch,Wo2"]
[Black "Eber,F"]
[Result "1/2-1/2"]
[WhiteElo "1875"]
[BlackElo "1986"]

1.c4 c6 2.Nc3 d5 3.cxd5 cxd5 4.d4 Nf6 5.Nf3 Nc6 6.Bf4 e6 7.e3 Bb4 8.Bd3 Ne4
9.Bxe4 dxe4 10.Nd2 f5 11.O-O O-O 12.a3 Be7 13.Nc4 g5 14.Be5 Nxe5 15.Nxe5 Bf6
16.Nc4 Bd7 17.Qb3 b5 18.Nd2 Kh8 19.f3 exf3 20.Nxf3 g4 21.Ne1 e5 22.Nc2 Qe7
23.Rad1 Bg5 24.e4 f4 25.dxe5 f3 26.Qb4 Qg7 27.Qd6 Rad8 28.Qc7 Rf7 29.e6 Rc8
30.Qd6 Rc6 31.Qb8+ Rc8 32.Qd6 Rc6  1/2-1/2

[Event "11th Kesarovski-Stanchev Mem"]
[Site "Sunny Beach BUL"]
[Date "2012.09.09"]
[Round "9.48"]
[White "Jiruse,J"]
[Black "Asparuhov,P"]
[Result "0-1"]
[WhiteElo "1995"]
[BlackElo "2104"]

1.c4 c6 2.b3 d5 3.Bb2 Bf5 4.Nf3 e6 5.e3 Nf6 6.Be2 h6 7.O-O Be7 8.Ne5 Nbd7
9.f4 O-O 10.d3 Nxe5 11.Bxe5 Nd7 12.Nd2 Nxe5 13.fxe5 dxc4 14.Nxc4 b5 15.e4 Bg6
16.Nd2 Qd4+ 17.Kh1 Qxe5 18.Nf3 Qd6 19.Rc1 Rac8 20.Rc2 Rfd8 21.Qa1 Bh7 22.Rfc1 f6
23.b4 Rc7 24.a3 e5 25.Nh4 g6 26.Nf3 Kg7 27.Qc3 Bg8 28.Nd2 Qe6 29.Qb2 Bf7
30.Rc3 Qd7 31.Nb3 Bxb3 32.Rxb3 a6 33.h3 Qd4 34.Qxd4 Rxd4 35.Rbc3 Bd6 36.Kg1 h5
37.Kf2 Kf7 38.Ke1 Bf8 39.R1c2 Bh6 40.Kf2 Ke6 41.Bf3 Kd7 42.Ke2 Kc8 43.Kf2 Kb7
44.Be2 Kb6 45.Rc5 Bf8 46.R5c3 Rd6 47.Ke1 Rd8 48.Kd1 Ra8 49.Rb3 a5 50.Rcb2 axb4
51.axb4 Rca7 52.Kc2 Bd6 53.Bf3 Ra4 54.Kd2 Bf8 55.Kc2 Rd8 56.Kc3 Rd4 57.Kd2 Be7
58.Rb1 Bf8 59.R1b2 Kb7 60.Rb1 Kb6 61.Rc1  0-1

[Event "11th Kesarovski-Stanchev Mem"]
[Site "Sunny Beach BUL"]
[Date "2012.09.09"]
[Round "9.23"]
[White "Tichy,S"]
[Black "Ivelinov,H"]
[Result "1/2-1/2"]
[WhiteElo "2138"]
[BlackElo "2233"]

1.c4 c6 2.Nc3 d5 3.cxd5 cxd5 4.d4 Nf6 5.Nf3 Nc6 6.Bf4 Ne4 7.e3 Nxc3 8.bxc3 g6
9.Bd3 Bg7 10.O-O O-O 11.e4 e5 12.dxe5 dxe4 13.Bxe4 Qa5 14.Qd5 Qxc3 15.Rac1 Qa3
16.Qb3 Qxb3 17.axb3 Be6 18.Bxc6 bxc6 19.Nd4 Bd5 20.Nxc6 Bxb3 21.Rc3 Be6 22.Ra1 f6
23.Rxa7 fxe5 24.Be3 Rxa7 25.Nxa7 Rd8 26.Rc1 Kf7 27.Nb5 e4 28.h3 Rd3 29.Nc7 Bd7
30.Na6 Rc3 31.Rxc3 Bxc3 32.Nc5 Bc6 33.Nb3 Bd5 34.Nd4 Bxd4 35.Bxd4  1/2-1/2

[Event "3rd Livigno Open A"]
[Site "Livigno ITA"]
[Date "2012.09.10"]
[Round "1.24"]
[White "Sveshnikov,V"]
[Black "Iasman,I"]
[Result "1-0"]
[WhiteElo "2405"]
[BlackElo "2002"]

1.c4 c6 2.Nf3 d5 3.g3 Nf6 4.Bg2 Bf5 5.Qb3 Qc8 6.Nc3 e6 7.cxd5 exd5 8.d3 Be7
9.O-O O-O 10.Re1 Nbd7 11.e4 dxe4 12.dxe4 Be6 13.Qc2 Nc5 14.Be3 Rd8 15.Rad1 Ncd7
16.h3 h6 17.Kh2 Nf8 18.Nd4 Ng6 19.f4 Bd7 20.Qe2 Nh7 21.e5 Ngf8 22.Ne4 Be6
23.Nxe6 Qxe6 24.Bc5 Bxc5 25.Nxc5 Qe7 26.Ne4 Nd7 27.Nd6 Nb6 28.Rd2 Nf8 29.Red1 Ne6
30.f5 Nc7 31.f6  1-0

[Event "US Chess League 2012"]
[Site "ICC INT"]
[Date "2012.09.12"]
[Round "2"]
[White "Shankland,S"]
[Black "Holt,C"]
[Result "1-0"]
[WhiteElo "2597"]
[BlackElo "2496"]

1.c4 c6 2.Nf3 d5 3.e3 Bf5 4.Qb3 Qc7 5.Nc3 e6 6.Nh4 Bg6 7.Nxg6 hxg6 8.d4 Nf6
9.Bd2 Nbd7 10.Rc1 dxc4 11.Bxc4 Nb6 12.g3 Nxc4 13.Qxc4 Qd7 14.e4 Rd8 15.Be3 b5
16.Qd3 Ng4 17.Qe2 Nxe3 18.fxe3 e5 19.d5 b4 20.dxc6 Qxc6 21.Qb5 Rc8 22.Qxe5+ Qe6
23.Qxe6+ fxe6 24.Ne2 Rxc1+ 25.Nxc1 Rh5 26.Ke2 Bd6 27.Kf3 Ke7 28.Nd3 Ra5 29.e5 Bxe5
30.Nxb4 Kf6 31.Nc6 Ra6 32.Nxe5 Kxe5 33.a3 Rb6 34.b4 Ra6 35.Ra1 Ra4 36.Kg4 a5
37.Rb1 Rxa3 38.bxa5 Rxa5 39.Kg5 Ra2 40.h4 Rg2 41.g4 Ke4 42.Rb7 Kf3 43.Rf7+ Kxe3
44.Rxg7 Kf3 45.Rf7+ Kg3 46.Ra7 e5 47.Ra3+ Kh2 48.Re3 Rg3 49.Rxe5 Kh3 50.Re4 Ra3
51.Kxg6 Kxh4 52.g5+ Kg3 53.Kh6 Kf3 54.Rb4 Ra1 55.g6 Rh1+ 56.Kg7 Ke3 57.Kg8 Rg1
58.g7 Rg2 59.Rh4 Rg1 60.Kh8  1-0

[Event "3rd Livigno Open A"]
[Site "Livigno ITA"]
[Date "2012.09.12"]
[Round "3.13"]
[White "Cebalo,M"]
[Black "Wenninger,P"]
[Result "1-0"]
[WhiteElo "2424"]
[BlackElo "2207"]

1.c4 c6 2.d4 d5 3.Nf3 Nf6 4.Nc3 a6 5.c5 Bg4 6.Ne5 Bf5 7.Bf4 Nbd7 8.e3 Nxe5
9.Bxe5 Nd7 10.Bg3 g6 11.Qb3 Ra7 12.Be2 Bg7 13.O-O O-O 14.Na4 e5 15.dxe5 Bxe5
16.Bxe5 Nxe5 17.Rac1 Re8 18.Rfd1 Qc7 19.Nb6 Nd7 20.Rd4 Re4 21.Rxe4 Bxe4 22.Bg4 Ne5
23.Bh3 g5 24.f3 Bd3 25.Qc3 Bg6 26.Rd1 f5 27.f4 Nd7 28.fxg5 Nxb6 29.cxb6 Qxb6
30.Rf1 Ra8 31.Bxf5 Bxf5 32.Rxf5 Re8 33.Rf3 Qc7 34.h4 Qe5 35.Qxe5 Rxe5 36.Kf2 Kg7
37.g3 a5 38.a3 Re4 39.Rf4 Re6 40.Ra4 b6 41.e4 Rd6 42.Rd4 Kg6 43.exd5 cxd5
44.Ke3 Kf5 45.Rf4+ Ke5 46.Rf7 h6 47.Rf6 Rxf6 48.gxf6 Kxf6 49.g4 Ke5 50.g5 h5
51.a4 Kd6 52.Kd4 Ke6 53.b3 Kd6 54.g6 Ke6 55.g7 Kf7 56.Kxd5 Kxg7 57.Kc6 Kf6
58.Kxb6 Kf5 59.Kxa5 Kg4 60.Kb4  1-0

[Event "3rd Livigno Open A"]
[Site "Livigno ITA"]
[Date "2012.09.14"]
[Round "6.21"]
[White "Zhou,S"]
[Black "Stitterich,N"]
[Result "1-0"]
[WhiteElo "2239"]
[BlackElo "2024"]

1.c4 c6 2.b3 d5 3.Bb2 Bf5 4.Nf3 e6 5.e3 Nd7 6.Nc3 Ngf6 7.Rc1 Bd6 8.cxd5 exd5
9.Be2 h6 10.O-O O-O 11.Nd4 Bh7 12.f4 Ne4 13.Nxe4 dxe4 14.Bg4 Qe7 15.Bxd7 Qxd7
16.Qe2 Bf5 17.Qh5 Bg4 18.Qh4 Be7 19.Qg3 c5 20.f5 h5 21.h3 Bd6 22.Qh4 cxd4
23.hxg4 dxe3 24.dxe3 hxg4 25.f6  1-0

[Event "3rd Livigno Open A"]
[Site "Livigno ITA"]
[Date "2012.09.15"]
[Round "7.18"]
[White "Pogan,N"]
[Black "Wenninger,P"]
[Result "0-1"]
[WhiteElo "2240"]
[BlackElo "2207"]

1.c4 c6 2.Nf3 d5 3.d4 Nf6 4.e3 Bg4 5.Qb3 Qb6 6.Nc3 e6 7.Ne5 Bf5 8.c5 Qc7
9.Bd2 Nbd7 10.f4 Nxe5 11.fxe5 Ne4 12.Be2 Be7 13.Nxe4 Bxe4 14.O-O O-O 15.Qd1 f6
16.Be1 fxe5 17.Bg3 Rxf1+ 18.Bxf1 Bf6 19.Qd2 g6 20.Qb4 Rf8 21.Rd1 Qg7 22.dxe5 Bxe5
23.Bxe5 Qxe5 24.Qxb7 Bc2 25.Re1 Qf5 26.Qb4 Qf2+ 27.Kh1 Qxf1+ 28.Rxf1 Rxf1+  0-1

[Event "zt 3.5 China Men 2012"]
[Site "Beijing CHN"]
[Date "2012.09.16"]
[Round "3.7"]
[White "Liu,Chang"]
[Black "Yu Lie"]
[Result "1/2-1/2"]
[WhiteElo "2311"]
[BlackElo "2406"]

1.c4 c6 2.Nf3 Nf6 3.d4 d5 4.e3 g6 5.Nc3 Bg7 6.Bd3 O-O 7.O-O Bg4 8.h3 Bxf3
9.Qxf3 dxc4 10.Bxc4 Nbd7 11.Bb3 e5 12.d5 Nc5 13.e4 cxd5 14.Bxd5 Nxd5 15.Nxd5 f5
16.Nc3 Qd3 17.Qxd3 Nxd3 18.Rd1 Rfd8 19.Bg5 Rd4 20.Rd2 Nc5 21.Rad1 Ne6 22.Be3 Rxd2
23.Bxd2 Rd8 24.Be3 Nd4 25.Kf1 Kf7 26.Ne2 a6 27.exf5 gxf5 28.f4 Nc6  1/2-1/2

[Event "Skovbo GM Open 2012"]
[Site "Borup DEN"]
[Date "2012.09.16"]
[Round "4.3"]
[White "Sriram,J"]
[Black "Semcesen,D"]
[Result "1/2-1/2"]
[WhiteElo "2422"]
[BlackElo "2466"]

1.c4 c6 2.d4 d5 3.Nf3 Nf6 4.Nc3 a6 5.e3 Bf5 6.Be2 h6 7.Qb3 Ra7 8.a4 e6 9.a5 Nbd7
10.Bd2 Bd6 11.Na4  1/2-1/2

[Event "TCh-SRB Prem 2012"]
[Site "Valjevo SRB"]
[Date "2012.09.17"]
[Round "1.2"]
[White "Maksimovic,Br"]
[Black "Jovic,Ste"]
[Result "1-0"]
[WhiteElo "2447"]
[BlackElo "2302"]

1.c4 c6 2.g3 d5 3.Nf3 Nf6 4.Bg2 Nbd7 5.cxd5 cxd5 6.d4 e6 7.O-O Bd6 8.Nc3 O-O
9.Bf4 Bxf4 10.gxf4 Nb6 11.Ne5 Bd7 12.e3 Rc8 13.Qb3 Qe7 14.a4 Rc7 15.Nb5 Bxb5
16.axb5 Ne4 17.Qa3 Qxa3 18.Rxa3 Nd6 19.Rxa7 Nxb5 20.Ra5 Nd6 21.Rc5 Re7 22.Ra1 g6
23.Bf1 Kg7 24.Bd3 f6 25.Nf3 Rff7 26.Kg2 Nd7 27.Rc7 Nb6 28.Rcc1 Re8 29.h4 Ra8
30.h5 Rxa1 31.Rxa1 gxh5 32.Rh1 Kg8 33.Rxh5 Rg7+ 34.Kf1 Na4 35.b3 Nb6 36.f5 exf5
37.Bxf5 Nxf5 38.Rxf5 Kf7 39.Rh5 Kg6 40.Rh1 Rc7 41.Nh4+ Kg5 42.Kg2 h5 43.Kh3 Kh6
44.Rg1 Kh7 45.Nf5 Nc8 46.Kh4 Rc2 47.Rg2 Rc1 48.Rg7+ Kh8 49.Rxb7 Rh1+ 50.Kg3 Rg1+
51.Kh2 Rg5 52.Rb8 Rg8 53.b4 Kh7 54.b5  1-0

[Event "Vladivostok Russian Cup 2012"]
[Site "Vladivostok RUS"]
[Date "2012.09.18"]
[Round "2.13"]
[White "Shomoev,A"]
[Black "Gritsenko,An"]
[Result "1-0"]
[WhiteElo "2571"]
[BlackElo "2422"]

1.c4 c6 2.d4 d5 3.Nc3 Nf6 4.Nf3 a6 5.cxd5 cxd5 6.Bf4 Nc6 7.Rc1 Qb6 8.Na4 Qa5+
9.Bd2 Qc7 10.e3 Ne4 11.Qb3 Nxd2 12.Nxd2 e6 13.Nb6 Ra7 14.Bd3 Bd6 15.O-O O-O
16.Nf3 Bd7 17.Nxd7 Qxd7 18.e4 dxe4 19.Bxe4 Bf4 20.Bxc6 bxc6 21.Rc4 Qd5 22.Qc2 a5
23.b3 Ra6 24.Rc5 Qd7 25.Qc4 Rfa8 26.d5 Bd6 27.Rxc6 exd5 28.Qxa6 Rxa6 29.Rxa6 Qd8
30.Rc1 g6 31.g3 Kg7 32.Rcc6 Bb8 33.Rc5 Bc7 34.Rac6 Bb8 35.Rc8 Qe7 36.Rxd5 Qe6
37.Rcd8 Ba7 38.Rd2 Qe4 39.R8d7 Be3 40.R2d3 Bc1 41.Rc3 Ba3 42.Rxf7+  1-0

[Event "Skovbo GM Open 2012"]
[Site "Borup DEN"]
[Date "2012.09.21"]
[Round "6.13"]
[White "Yildiz,H2"]
[Black "Rostgaard,T"]
[Result "0-1"]
[WhiteElo "2051"]
[BlackElo "2227"]

1.c4 c6 2.Nc3 d5 3.e3 Nf6 4.d4 g6 5.Nf3 Bg7 6.Be2 O-O 7.O-O Bg4 8.Qb3 Qb6
9.Qxb6 axb6 10.cxd5 cxd5 11.b3 Nc6 12.Bb2 e6 13.h3 Bxf3 14.Bxf3 Rfc8 15.Rfc1 Bf8
16.Na4 Nd7 17.Be2 Bb4 18.Rc2 Ra5 19.Rac1 Rca8 20.a3 Bd6 21.g3 b5 22.Nc5 Nxc5
23.dxc5 Be5 24.b4 Bxb2 25.Rxb2 Rxa3 26.Bxb5 Ra2 27.Rcb1 Ne5 28.Kf1 Kf8 29.Ke2 Ke7
30.Kd2 Kd8 31.Kc3 Kc7 32.Kb3 R8a3+ 33.Kc2 Nc6 34.Bxc6 Kxc6 35.e4 dxe4 36.Re1 f5
37.Rf1 Kb5 38.Rd1 Rxb2+ 39.Kxb2 Rd3 40.Ra1 Kxb4 41.Ra7 Rd2+ 42.Kc1 Rxf2 43.Rxb7+ Kxc5
44.Rxh7 Rg2 45.g4 f4 46.Rf7 f3 47.Kd1 Kd4 48.Ke1 Ke3 49.Kf1 Rd2 50.Kg1 Rd1+
51.Kh2 f2 52.Kg2  0-1

[Event "TCh-VIE 2012"]
[Site "Ho Chi Minh City VIE"]
[Date "2012.09.21"]
[Round "1.15"]
[White "Bao Quang"]
[Black "Nguyen Huynh Tuan Hai"]
[Result "0-1"]
[WhiteElo "2261"]
[BlackElo "1844"]

1.c4 c6 2.d4 d5 3.Nc3 Nf6 4.Nf3 e6 5.Qb3 Bd6 6.Bg5 Nbd7 7.e4 dxe4 8.Nxe4 Be7
9.Nxf6+ Bxf6 10.Bxf6 Nxf6 11.Qa3 Qe7 12.Qxe7+ Kxe7 13.Be2 Bd7 14.O-O Rhd8
15.Rfd1 Be8 16.Rd3 b6 17.a4 c5 18.a5 Bc6 19.Ne5 Be4 20.Rda3 Nd7 21.f3 Nxe5
22.fxe4 Nc6 23.axb6 Rxd4 24.bxa7 Rd7 25.Kf2 Rdxa7 26.Rxa7+ Rxa7 27.Rxa7+ Nxa7
28.Ke3 Kd6 29.Bd1 Nc6 30.h3 Ke5 31.Be2 Nd4 32.Bd1 Nc6 33.Bf3 Nb4 34.Bd1 g6
35.g3 f6 36.Ba4 f5 37.exf5 exf5 38.h4 h6 39.Bd1 g5 40.hxg5 hxg5 41.Ba4 Na6
42.Bc6 Nb4 43.Ba4 f4+ 44.gxf4+ gxf4+ 45.Kf3 Nd3 46.b3 Ne1+ 47.Kf2 Nc2 48.Be8 Nd4
49.Ba4 Ke4 50.Be8 Nxb3 51.Bf7 Nc1 52.Bg6+ Kd4 53.Bf7 Nd3+ 54.Ke2 f3+ 55.Kf1 Ne5  0-1

[Event "DYTM KL Open 2012"]
[Site "Kuala Lumpur MAS"]
[Date "2012.09.22"]
[Round "8.11"]
[White "Dimakiling,O"]
[Black "Diano,Eden"]
[Result "1/2-1/2"]
[WhiteElo "2428"]
[BlackElo "2416"]

1.c4 c6 2.Nf3 d5 3.e3 Nf6 4.b3 Bg4 5.d4 e6 6.Bd3 Nbd7 7.O-O Bd6 8.Nbd2 e5
9.cxd5 cxd5 10.dxe5 Nxe5 11.Bb5+ Bd7 12.Bxd7+ Nfxd7 13.Bb2 O-O 14.Qe2 a6
15.Rfd1 Qe7 16.Nf1 Nf6 17.Nd4 g6 18.h3 Rad8 19.a4 Rfe8 20.a5 Rc8 21.Nc2 Ned7
22.Ne1 Nc5 23.b4 Nce4 24.b5 axb5 25.Qxb5 Rc5 26.Qb3 Rec8 27.Bd4 Rc4 28.Nd3 Nc3
29.Rd2 Nfe4 30.Rb2 R8c7 31.a6 bxa6 32.Rxa6 Rc8 33.Ra7 Qe6 34.Rb7 Na4 35.Rb1 Qf5
36.Re1 Nac5 37.Bxc5 Rc3 38.Qb2 Bxc5 39.Ng3 Qf6 40.Nf4 Ba3 41.Nxe4 dxe4 42.Nd5 Qe5
43.Qa2 Rc1 44.Rb1 R1c2 45.Qxa3 Qxd5 46.Qe7 Qf5 47.Qh4 h5 48.Rf1 Kg7 49.Qg3 R2c5
50.Rbd1 Qe5 51.Qh4 Re8 52.Rd4 Qe7 53.Qg3 Qe5 54.Qxe5+ Rcxe5 55.h4 Kf6 56.Ra1 R8e7
57.Kh2 Kg7 58.Kg3 R5e6 59.Ra5 Rf6 60.Ra8 Rf5 61.Rdd8 Rfe5 62.Rg8+ Kf6 63.Ra6+ R7e6
64.Rxe6+ Rxe6 65.Kf4 Re5 66.f3 exf3 67.gxf3 Rf5+ 68.Kg3 Rd5 69.e4  1/2-1/2

[Event "TCh-SUI National A 2012"]
[Site "Switzerland SUI"]
[Date "2012.09.22"]
[Round "6.4"]
[White "Papa,S"]
[Black "Sedina,E"]
[Result "1/2-1/2"]
[WhiteElo "2396"]
[BlackElo "2353"]

1.c4 c6 2.Nf3 d5 3.e3 Nf6 4.Nc3 g6 5.d4 Bg7 6.Be2 O-O 7.O-O a6 8.a4 a5 9.b3 Na6
10.Ba3 Nb4 11.Na2 c5 12.Nxb4 cxb4 13.Bb2 b6 14.cxd5 Nxd5 15.Rc1 Bb7 16.Ne5 Rc8
17.Bc4 e6 18.Qe2 Qe7 19.e4 Nc3 20.Bxc3 Bxe5 21.Bb2 Bg7 22.Rcd1 Rfd8 23.Rd3 Rd7
24.Rfd1 Rcd8 25.Kh1 Rd6 26.f3 Bc6  1/2-1/2

[Event "3rd Konig Memorial"]
[Site "San Francisco USA"]
[Date "2012.09.23"]
[Round "5"]
[White "Shankland,S"]
[Black "Bhat,V"]
[Result "1-0"]
[WhiteElo "2597"]
[BlackElo "2511"]

1.c4 c6 2.d4 d5 3.Nf3 Nf6 4.Nc3 e6 5.Bg5 h6 6.Bh4 dxc4 7.e4 g5 8.Bg3 b5 9.Be2 Bb7
10.Qc2 Nbd7 11.Rd1 Nh5 12.d5 exd5 13.exd5 Nxg3 14.hxg3 cxd5 15.Nxd5 Bg7 16.Ne3 Qa5+
17.Kf1 Rd8 18.Nf5 Kf8 19.Rd6 Bxf3 20.gxf3 Ne5 21.Qc3 Qc7 22.Rxd8+ Qxd8 23.Nxg7 Kxg7
24.Qxe5+ Qf6 25.Qxb5  1-0

[Event "TCh-SUI National A 2012"]
[Site "Switzerland SUI"]
[Date "2012.09.23"]
[Round "7.8"]
[White "Vezzosi,P"]
[Black "Gruenenwald,J"]
[Result "1/2-1/2"]
[WhiteElo "2286"]
[BlackElo "2319"]

1.c4 c6 2.Nc3 d5 3.d4 Nf6 4.cxd5 cxd5 5.Bf4 Nc6 6.e3 a6 7.Bd3 Bg4 8.Nge2 Bxe2
9.Qxe2 e6 10.O-O Be7 11.Rfc1 O-O 12.Na4 Nd7 13.a3 g6 14.Nc5 Nxc5 15.dxc5 f5
16.Bh6 Re8 17.b4 Ne5 18.Bc2 Nf7 19.Bf4 Bf6 20.Ba4 Re7 21.Bd6 Nxd6 22.cxd6 Qxd6
23.Ra2 Rc7 24.Rxc7 Qxc7 25.Rc2 Qe5 26.Qd1 b5 27.Bb3 a5 28.bxa5 Rxa5 29.a4 Kg7
30.Ra2 Qc3 31.g3 h5 32.axb5 Rxb5 33.Ba4 Ra5 34.Bb3 Rxa2 35.Bxa2 h4 36.Kg2 h3+
37.Kg1 g5 38.Bb1 Bd8 39.Bd3 g4 40.Bf1 Qb4 41.Qa1+ Bf6 42.Qa7+ Kg6 43.Qd7 Qe4
44.Qe8+ Kg7 45.Qd7+ Kh6 46.Qd6 d4 47.Qf4+ Kg6 48.Qxe4 fxe4 49.exd4 Bxd4 50.Be2 Kg5
51.Kf1 e5 52.Bd1 Kf5 53.Bc2 Bc5  1/2-1/2

[Event "TCh-SUI National A 2012"]
[Site "Switzerland SUI"]
[Date "2012.09.23"]
[Round "7.4"]
[White "Cvitan,O"]
[Black "Kuehn,Pe1"]
[Result "1/2-1/2"]
[WhiteElo "2528"]
[BlackElo "2397"]

1.c4 c6 2.e4 d5 3.exd5 cxd5 4.cxd5 Nf6 5.Nc3 g6 6.Bc4 Bg7 7.Nf3 O-O 8.O-O Na6
9.Re1 Nc7 10.d4 Nfxd5 11.Bg5 Be6 12.Bb3 Rc8 13.Rc1 Re8 14.Bh4 Nb6 15.Bg3 Bxb3
16.Qxb3 Ncd5 17.Ne4 Rxc1 18.Rxc1 Qd7 19.Nc5 Rc8 20.h3 Qc6 21.Nd3 Qe8 22.Nc5 e6
23.Ne5 Bxe5 24.Bxe5 Rc6 25.Re1 Qc8 26.Kh2 Nd7 27.Ne4 Rb6 28.Qa3 Ra6 29.Qf3 Nxe5
30.dxe5 Qc4 31.Rd1 Rxa2 32.Nf6+ Kg7 33.Nxd5 exd5 34.Qf6+ Kg8 35.Qd8+ Kg7
36.Qf6+ Kg8 37.Qd8+ Kg7 38.Qf6+  1/2-1/2

[Event "TCh-VIE 2012"]
[Site "Ho Chi Minh City VIE"]
[Date "2012.09.24"]
[Round "6.22"]
[White "Nguyen,Anh Khoi"]
[Black "Le Minh Hoang"]
[Result "1-0"]
[WhiteElo "1921"]
[BlackElo "1939"]

1.c4 c6 2.Nf3 d5 3.d4 Nf6 4.Qc2 g6 5.g3 Bg7 6.Bg2 dxc4 7.Qxc4 Be6 8.Qa4 Nbd7
9.Nc3 O-O 10.O-O Nb6 11.Qc2 Qc8 12.e4 Bh3 13.Bf4 Bxg2 14.Kxg2 Rd8 15.Rac1 Qd7
16.Rfd1 Rac8 17.Qb3 e6 18.a4 Nh5 19.Be3 Nf6 20.h3 h6 21.a5 Na8 22.Ne5 Qe7
23.Nc4 Ne8 24.e5 b5 25.axb6 Nxb6 26.Nxb6 Rb8 27.Qc4 Rxb6 28.Na4 Rb4 29.Qxc6 Kh7
30.Rd2 Rdb8 31.Ra1 Nc7 32.Nc3 R4b6 33.Qc5 Qxc5 34.dxc5 Rxb2 35.Rd7 Bxe5 36.Rxa7 R2b7
37.Rxb7 Rxb7 38.Ne4 Rb2 39.Rxf7+ Kg8 40.Rd7 h5 41.Ng5 Nd5 42.Rd8+ Kg7 43.Nxe6+ Kf6
44.Rxd5 Kxe6 45.Rd8 Bc7 46.Rg8 Kf5 47.Kf3 Be5 48.Ra8 Rc2 49.Ra6 Rc4 50.Ra8 Ke6
51.Re8+ Kf6 52.Ke2 Bb2 53.Kd3 Rc3+ 54.Ke4 Kf7 55.Rb8 Ba3 56.Kd5 Rd3+ 57.Kc6 Ke6
58.Re8+ Kf7 59.Re4 Kf6 60.Kb7 Rb3+ 61.Kc7 Kf5 62.Re8 Bb2 63.c6 Be5+ 64.Kd7 Rd3+
65.Kc8 Rc3 66.g4+ hxg4 67.hxg4+ Kxg4 68.Rxe5 Rxc6+ 69.Kd7 Ra6 70.Re6 Ra3
71.Rxg6+ Kf5 72.Rg5+ Ke4 73.Rg4+ Ke5 74.Kc6 Rd3 75.Kc5 Rd8 76.Kc4 Kf5 77.Rd4 Rh8
78.Kd3 Rh2 79.f4 Ra2 80.Rd5+ Ke6 81.Ke4  1-0

[Event "Tatry Open 2012"]
[Site "Tatranske Zruby SVK"]
[Date "2012.09.24"]
[Round "2.28"]
[White "Kotlowski,T"]
[Black "Kolesar,Mil"]
[Result "1-0"]
[WhiteElo "2034"]
[BlackElo "2173"]

1.c4 c6 2.Nf3 Nf6 3.g3 d5 4.cxd5 cxd5 5.Bg2 Nc6 6.b3 Bf5 7.Bb2 e6 8.O-O h6
9.d3 Be7 10.Nc3 O-O 11.Rc1 Rc8 12.Qd2 Bh7 13.Nb5 Qb6 14.Nbd4 Bb4 15.Qf4 Ne7
16.Nc2 Bd6 17.Qh4 Nf5 18.Qa4 Be7 19.e4 dxe4 20.dxe4 Nd6 21.e5 Rxc2 22.Rxc2 Bxc2
23.Bd4 Qb5 24.exf6 gxf6 25.Qxa7 Nc8 26.Qa8 Be4 27.Qa4 Qd5 28.Be3 Bxf3 29.Bxh6 Rd8
30.Qf4 e5 31.Qxf3 Qxf3 32.Bxf3 Nd6 33.Bc1 e4 34.Bg2 f5 35.Bh3 Rc8 36.Bf4 Rc2
37.Rd1 Nb5 38.Rd2 Rc5 39.Rd7 Bf6 40.Be3 Rc2 41.Bxf5 Nc3 42.Rxb7 Rxa2 43.Bh6 Ra8
44.Rb4 Re8 45.Rc4 Ne2+ 46.Kg2 Nd4 47.Bd7 Rd8 48.Ba4 Nf5 49.Bf4 Bd4 50.Bc7 Ra8
51.Bc6 Ra2 52.Kh3 Bxf2 53.Rxe4 Bg1 54.b4 Rxh2+ 55.Kg4 Nh6+ 56.Kg5 Kh7 57.Re8 Rf2
58.Bf4 Kg7 59.Re7 Ng8 60.Be5+ Nf6 61.Bd5  1-0

[Event "Tatry Open 2012"]
[Site "Tatranske Zruby SVK"]
[Date "2012.09.24"]
[Round "2.21"]
[White "Ruckschloss,K"]
[Black "Siebenburger,V"]
[Result "1/2-1/2"]
[WhiteElo "2242"]
[BlackElo "2113"]

1.c4 c6 2.d4 d5 3.e3 Nf6 4.Nf3 e6 5.Bd3 Nbd7 6.O-O Bd6 7.Nc3 e5 8.cxd5 cxd5
9.dxe5 Nxe5 10.Nxe5 Bxe5 11.Bb5+ Bd7 12.Qa4 Bxc3 13.bxc3 O-O 14.Rd1 Bxb5
15.Qxb5 Qc7 16.Ba3 Rfc8 17.Rac1 a6 18.Qb4 b5  1/2-1/2

[Event "Tatry Open 2012"]
[Site "Tatranske Zruby SVK"]
[Date "2012.09.25"]
[Round "4.28"]
[White "Kotlowski,T"]
[Black "Mitura,V"]
[Result "1-0"]
[WhiteElo "2034"]
[BlackElo "2169"]

1.c4 c6 2.Nf3 d5 3.cxd5 cxd5 4.d4 Nc6 5.Nc3 Nf6 6.h3 a6 7.Bf4 Bf5 8.e3 e6
9.Nh4 Bg6 10.Nxg6 hxg6 11.Be2 Be7 12.O-O O-O 13.Rc1 Rc8 14.Na4 Nd7 15.a3 Bf6
16.Qb3 b5 17.Nc5 Nxc5 18.Rxc5 Be7 19.Rcc1 Qd7 20.a4 Na5 21.Qd3 Rc4 22.b3 Rb4
23.Rc7 Qd8 24.axb5 axb5 25.Ra7 Nc6 26.Rb7 Qa8 27.Rxe7 Nxe7 28.Bd6 Nc6 29.Qc3  1-0

[Event "Tatry Open 2012"]
[Site "Tatranske Zruby SVK"]
[Date "2012.09.25"]
[Round "4.7"]
[White "Ruckschloss,K"]
[Black "Cech,P"]
[Result "1/2-1/2"]
[WhiteElo "2242"]
[BlackElo "2378"]

1.c4 c6 2.e4 e5 3.Nf3 d6 4.d4 Nd7 5.Nc3 Ngf6 6.Be2 Be7 7.O-O O-O 8.d5 Nc5
9.Nd2 a5 10.f3 Nh5 11.g3 g6 12.f4 Ng7 13.Nf3 cxd5 14.cxd5 Bh3 15.Re1 f5 16.fxe5 fxe4
17.Nd2 Nd3 18.Bxd3 Qb6+ 19.Kh1 exd3 20.Nde4 dxe5 21.Qxd3 Nf5 22.d6 Bxd6 23.Qd5+ Kg7
24.Nxd6 Qxd6 25.Rxe5 Qxd5+ 26.Nxd5 Rac8 27.Nf4 Bg4 28.Bd2 Rc2 29.Bc3 Bf3+
30.Kg1 Kh6 31.Rf1 Bc6 32.g4 Rg8 33.h4 g5 34.Rxf5 gxf4 35.R1xf4 Rg2+ 36.Kf1 R8xg4
37.Rf6+ Rg6 38.Rf7 Bb5+ 39.Ke1 Rg1+ 40.Kf2 R1g2+ 41.Ke3 R2g3+ 42.Kd4 b6 43.Ke5 Re3+
44.Re4 Rxe4+ 45.Kxe4 Rc6 46.Rf6+  1/2-1/2

[Event "Tatry Open 2012"]
[Site "Tatranske Zruby SVK"]
[Date "2012.09.27"]
[Round "6.33"]
[White "Lukac,R"]
[Black "Szaraz,V"]
[Result "1/2-1/2"]
[WhiteElo "2127"]
[BlackElo "1936"]

1.c4 c6 2.Nc3 d5 3.d4 Nf6 4.Nf3 Nbd7 5.Bg5 Qa5 6.Bd2 Qd8 7.e3 dxc4 8.Bxc4 Nb6
9.Bb3 Bf5 10.O-O e6 11.Qe2 Be7 12.a4 O-O 13.e4 Bg6 14.a5 Nc8 15.Ra4 b5 16.axb6 Nxb6
17.Ra6 Qc7 18.Ne5 Nfd7 19.Nxg6 hxg6 20.Be3 Bf6  1/2-1/2

[Event "1st Simon Bolivar Open 2012"]
[Site "San Cristobal VEN"]
[Date "2012.09.28"]
[Round "6.7"]
[White "Flores,Di"]
[Black "Ruiz Aguilar,P"]
[Result "0-1"]
[WhiteElo "2593"]
[BlackElo "2290"]

1.c4 c6 2.d4 d5 3.Nf3 Nf6 4.Nc3 e6 5.Bg5 Be7 6.e3 Nbd7 7.Qc2 O-O 8.Rd1 Re8
9.a3 b6 10.Bd3 Ba6 11.Qe2 dxc4 12.Bxc4 b5 13.Bd3 Nd5 14.Nxd5 cxd5 15.Bxe7 Rxe7
16.O-O Nb6 17.b3 Qd6 18.a4 Rc7 19.Ra1 Rb8 20.axb5 Bc8 21.Ne5 f6 22.Nc6 Ra8
23.Qc2 f5 24.Qc5 Qf8 25.Rfc1 Bb7 26.Qxf8+ Kxf8 27.Na5 Rac8 28.Rc5 Ke7 29.Rac1 Kd8
30.b4 Ba8 31.Nb3 Nd7 32.f3 Nxc5 33.dxc5 Ke7 34.Ra1 g6 35.f4 d4 36.Nxd4 Bd5
37.Ra6 Rb8 38.Kf2 Kf7 39.g3 h6 40.Ke2 Rd7 41.Kd2 Rc7 42.Kc3 g5 43.Rd6 gxf4
44.exf4 Ba2 45.Bc4 Bxc4 46.Kxc4 Re8 47.Ra6 Ree7 48.Nc6 Re8 49.Rxa7 Rxa7 50.Nxa7 Ke7
51.b6 Kd7 52.c6+ Kd6 53.c7 Rh8  0-1

[Event "13th Karpov GM"]
[Site "Poikovsky RUS"]
[Date "2012.09.29"]
[Round "2"]
[White "Short,N"]
[Black "Jakovenko,D"]
[Result "0-1"]
[WhiteElo "2698"]
[BlackElo "2724"]

1.c4 c6 2.Nf3 d5 3.e3 Nf6 4.Nc3 e6 5.b3 Bd6 6.Bb2 O-O 7.Qc2 e5 8.cxd5 cxd5
9.Nb5 Nc6 10.Nxd6 Qxd6 11.d4 Nb4 12.Qd1 e4 13.Ne5 Bf5 14.a3 Nc6 15.Be2 Nd7
16.Nxc6 Qxc6 17.a4 Rfc8 18.Ba3 Qc3+ 19.Kf1 Qa5 20.g4 Be6 21.Kg2 Qd8 22.h3 Nf8
23.h4 h6 24.Ra2 Ng6 25.Kg3 f5 26.gxf5 Bxf5 27.Bg4 Bxg4 28.Qxg4 Rc6 29.Kh3 Rac8
30.Rg1 R8c7 31.f4 exf3 32.Rf2 Rf7 33.Rg3 Rcf6 34.Kh2 Qc7 35.Kh3 Qd8 36.Kh2 Rf5
37.Qxg6 Qxh4+ 38.Kg1 Rh5 39.Kf1 Rg5 40.Rxg5 hxg5 41.Ke1 Qh1+ 42.Rf1 Qh2 43.Qd3 g4
44.Rf2 Qh4 45.Bd6 g3 46.Bxg3 Qxg3 47.Qf1 g5 48.Kd1 Kg7 49.Kc1 g4 50.Kb2 Qh3
51.Qb5 g3  0-1

[Event "Oslo GM Open 2012"]
[Site "Oslo NOR"]
[Date "2012.09.30"]
[Round "6.2"]
[White "Narciso Dublan,M"]
[Black "Buhmann,R"]
[Result "1/2-1/2"]
[WhiteElo "2523"]
[BlackElo "2578"]

1.c4 c6 2.e4 d5 3.cxd5 cxd5 4.exd5 Nf6 5.Bb5+ Nbd7 6.Nf3 a6 7.Be2 Nxd5 8.Nc3 e6
9.Nxd5 exd5 10.O-O Bd6 11.d4 O-O 12.Qb3 Nb6 13.Bg5 f6 14.Bh4 Be6 15.Rfe1 Re8
16.Bd3 Kh8 17.Re2 Qc7 18.Rae1 Bf7  1/2-1/2

[Event "US Chess League 2012"]
[Site "ICC INT"]
[Date "2012.10.01"]
[Round "5"]
[White "Vigorito,D"]
[Black "Kaufman,La"]
[Result "1/2-1/2"]
[WhiteElo "2424"]
[BlackElo "2360"]

1.c4 c6 2.d4 d5 3.Nf3 Nf6 4.cxd5 cxd5 5.Nc3 Nc6 6.Bf4 Bf5 7.e3 e6 8.Qb3 Bb4
9.Ne5 Qa5 10.Nxc6 bxc6 11.Be2 Ne4 12.Rc1 O-O 13.f3 Nxc3 14.bxc3 Ba3 15.Bc7 Qxc7
16.Qxa3 c5 17.c4 cxd4 18.cxd5 Qb6 19.e4 Bg6 20.dxe6 fxe6 21.Bd3 Rac8 22.Ke2 e5
23.Rb1 Qf6 24.Rhc1 Qg5 25.Kf1 h5 26.Ba6 Rcd8 27.Rc7 Bxe4 28.Bc4+ Kh8 29.Re1 Bh7
30.Qc5 d3 31.Rd7 Rc8 32.Rc7 Rce8 33.Bf7 d2 34.Rd1 Rd8 35.Rd7 Rc8 36.Rc7 Rcd8
37.Rd7 Rc8 38.Rc7  1/2-1/2